| 000 | 00561ntaaa2200193 4500 | ||
|---|---|---|---|
| 003 | 01 | ||
| 005 | 20251027202153.0 | ||
| 008 | 0714s1973 ag 01 | ||
| 040 |
_aAR-BaBN _bspa _cAR-BaBN _eaacr _dRIC |
||
| 082 | _a266.7300 R49 | ||
| 100 |
_aRister, Carl Coke _920243 |
||
| 245 | _aBaptist missions among the American Indians | ||
| 250 | _a1 ed. | ||
| 260 |
_aAtlanta, Georgia : _bHome Missions Board of the Southern Baptist Convention, _cc1944 |
||
| 300 | _a127 p | ||
| 500 | _aMission study book for adults | ||
| 650 |
_amisiones-indios _920244 |
||
| 942 | _cBK | ||
| 999 |
_c16687 _d16687 |
||